Normal view
MARC view
Entry Personal Name
001 - CONTROL NUMBER
- control field: 160847
003 - CONTROL NUMBER IDENTIFIER
- control field: OSt
005 - DATE AND TIME OF LATEST TRANSACTION
- control field: 20220923211558.0
008 - FIXED-LENGTH DATA ELEMENTS
- fixed length control field: 220923|| aca||aabn | a|a d
040 ## - CATALOGING SOURCE
- Original cataloging agency: OSt
- Transcribing agency: OSt
100 ## - HEADING--PERSONAL NAME
- Personal name: श्रीवास्तव, ए. एल
670 ## - SOURCE DATA FOUND
- Source citation: Work cat.: (OSt)300968: श्रीवास्तव, ए. एल., प्रतिमा-श्रीः भारतीय मूर्तिकला एवं संस्कृति के कतिपय रोचक प्रसंग, 2018
